| 000 | 00931nam a2200253Ia 4500 | ||
|---|---|---|---|
| 003 | OSt | ||
| 005 | 20220923230959.0 | ||
| 006 | a|||||r|||| 00| 0 | ||
| 007 | ta | ||
| 008 | 220922b |||||||| |||| 00| 0 pan d | ||
| 020 | _c400 | ||
| 024 | _a328,978 | ||
| 037 |
_bSP/5381, 17/03/2018, Star Publications (Pvt.) Ltd. _cTextual |
||
| 040 |
_aARTS _cARTS _bpan |
||
| 041 |
_2pan _apan |
||
| 082 | _aQ8441:21:g, 153Q7 | ||
| 100 | _aਆਗ਼ਾਦ, ਜੋਗਿੰਦਰ ਸਿੰਘ, ਂਚ. | ||
| 245 | 0 | _aਬਿਬੇਕ ਵਿਗਾਸ | |
| 260 |
_aਅੰਮ੍ਰਿਤਸਰ _b ਨਿਰੰਕਾਰਿ ਆਕਾਰੁ ਉਪਾਇਆ _c2017 |
||
| 300 |
_a280ਪ0 _ccm. |
||
| 650 |
_aਸਿੱਖ ਧਰਮ _9156314 |
||
| 942 |
_hQ8441:21:g, 153Q7 _cTEXL _2CC |
||
| 999 |
_c388571 _d388571 |
||